Micofundamentos la compatibilidad entre la micro y la macreconomía (Registro nro. 4431)

Detalles MARC
000 -LEADER
fixed length control field 01183 a2200229 4500
001 - CONTROL NUMBER
control field 47666
005 - DATE AND TIME OF LATEST TRANSACTION
control field 20260407155743.0
008 - FIXED-LENGTH DATA ELEMENTS--GENERAL INFORMATION
fixed length control field 260407a1985 arg spa d
003 - CONTROL NUMBER IDENTIFIER
control field AR-UNSa-BCEJYS
040 ## - CATALOGING SOURCE
Original cataloging agency AR-UNSa-BCEJYS
Language of cataloging spa
Transcribing agency AR-UNSa-BCEJYS
080 ## - UNIVERSAL DECIMAL CLASSIFICATION NUMBER
Universal Decimal Classification number 330
Common auxiliary subdivision Economía en general
020 ## - INTERNATIONAL STANDARD BOOK NUMBER
International Standard Book Number 84-206-2396-2
100 1# - MAIN ENTRY--PERSONAL NAME
Personal name Bueno Lastra, Juan
245 10 - TITLE STATEMENT
Title Micofundamentos la compatibilidad entre la micro y la macreconomía
264 #1 - PRODUCTION, PUBLICATION, DISTRIBUTION, MANUFACTURE, AND COPYRIGHT NOTICE
Place of production, publication, distribution, manufacture Madrid :
Name of producer, publisher, distributor, manufacturer Alianza Editorial
Date of production, publication, distribution, manufacture, or copyright notice 1985
300 ## - PHYSICAL DESCRIPTION
Extent 198 p.
Dimensions 20 cm.
505 ## - FORMATTED CONTENTS NOTE
Formatted contents note Parte I: INTRODUCCIÓN: 1. Punto de partida - 2. El desarrollo del programa neowalrasiano: 1930-1960 - 3. Enésimo examen del sistema Keynesiano - 4. La síntesis neowalrasiana - 5. La coordinación general del sistema -- Parte II: INTRODUCCIÓN: 6. Los modelos de equilibrio walrasiano - 7. La teoría walrasiana del desequilibrio - 8. El equilibrio edgeworthiano - 9. El análisis edgeworthiano del desequilibrio -- Parte III: 10. Breve conclusión.
590 ## - LOCAL NOTE (RLIN)
Local note niveau_biblio:m niveau_hierar:0
700 1# - ADDED ENTRY--PERSONAL NAME
Personal name Weintraub, E. Roy
856 41 - ELECTRONIC LOCATION AND ACCESS
Uniform Resource Identifier <a href="https://biblioeco.unsa.edu.ar/pmb/images/libros/L127629.jpg">https://biblioeco.unsa.edu.ar/pmb/images/libros/L127629.jpg</a>
Link text Imagen de portada
Electronic format type image/jpeg
942 ## - ADDED ENTRY ELEMENTS (KOHA)
Koha item type
Existencias
Withdrawn status Lost status Damaged status Not for loan Home library Current library Shelving location Date acquired Total checkouts Full call number Barcode Date last seen Price effective from Koha item type
        Biblioteca Prof. Eusebio Cleto del Rey Biblioteca Prof. Eusebio Cleto del Rey   07/04/2026   330 W423 L127629 07/04/2026 07/04/2026 Libro